Royal Commission on Local Government in England: reseach studies a, community attitudes survey: England (Record no. 488273)

000 -LEADER
fixed length control field 00484cam a22001337a 4500
008 - FIXED-LENGTH DATA ELEMENTS--GENERAL INFORMATION
fixed length control field 180718b1069 xxu||||| |||| 00| 0 eng d
082 ## - DEWEY DECIMAL CLASSIFICATION NUMBER
Classification number B706x42 Un3/RS/9
100 ## - MAIN ENTRY--PERSONAL NAME
Personal name Royal Commission on Local Government in England
245 ## - TITLE STATEMENT
Title Royal Commission on Local Government in England: reseach studies a, community attitudes survey: England
260 ## - PUBLICATION, DISTRIBUTION, ETC.
Place of publication, distribution, etc. London
Name of publisher, distributor, etc. Her Majesty's Stationery Office
Date of publication, distribution, etc. 1069
300 ## - PHYSICAL DESCRIPTION
Extent 187+p.
500 ## - GENERAL NOTE
General note Chairman: John Maud
700 ## - ADDED ENTRY--PERSONAL NAME
Personal name Maud, John, Chairman
Holdings
Withdrawn status Lost status Damaged status Not for loan Permanent Location Current Location Date acquired Full call number Barcode Date last seen Price effective from Koha item type
        Indian Institute of Public Administration Indian Institute of Public Administration 2018-08-04 B706x42 Un3/RS/9 G9998 2018-08-04 2018-08-04 G

Powered by Koha